Feasts and Fasts: A History of food in India (Record no. 12895)

MARC details
000 -LEADER
fixed length control field 00388nam a22001457a 4500
003 - CONTROL NUMBER IDENTIFIER
control field OSt
008 - FIXED-LENGTH DATA ELEMENTS--GENERAL INFORMATION
fixed length control field 240829b |||||||| |||| 00| 0 eng d
020 ## - INTERNATIONAL STANDARD BOOK NUMBER
International Standard Book Number 9789385755347
082 ## - DEWEY DECIMAL CLASSIFICATION NUMBER
Classification number 641.3009
Item number SEF
100 ## - MAIN ENTRY--PERSONAL NAME
Personal name SEN, Collection Taylor
245 ## - TITLE STATEMENT
Title Feasts and Fasts: A History of food in India
260 ## - PUBLICATION, DISTRIBUTION, ETC. (IMPRINT)
Place of publication, distribution, etc New Delhi:
Name of publisher, distributor, etc Speaking Tiger Books,
Date of publication, distribution, etc 2015.
300 ## - PHYSICAL DESCRIPTION
Extent 349p.
942 ## - ADDED ENTRY ELEMENTS (KOHA)
Source of classification or shelving scheme Dewey Decimal Classification
Koha item type Text Books
Holdings
Withdrawn status Lost status Source of classification or shelving scheme Damaged status Not for loan Collection code Home library Current library Date acquired Source of acquisition Currency Cost, normal purchase price Bill Number Total Checkouts Full call number Acc. no. / Barcode Checked out Date last seen Date last borrowed Actual Cost, discounted price Bill Date Koha item type
    Dewey Decimal Classification     IKS- Indian Knowledge System PIET C-LIBRARY PIET C-LIBRARY 04/09/2024 Zafaa Books and Distributors INR 799.00 ZBD0169 1 641.3009 SEF 38454 18/08/2025 28/01/2025 28/01/2025 599.25 31/08/2024 Text Books

Design & Developed by: PIET Central Library
R70 Miles Stone Pattikalyana Samalkha Panipat 132102
mail ID :- [email protected], Phone No:- 0180-2569700 Ex.216